000 00830nam a22002177a 4500
003 OSt
005 20250916134608.0
008 240820b ||||| |||| 00| 0 eng d
040 _c0
082 _aDPer 364.05 J826 Summer-Fall 2017 v. 107 n. 3-4
100 _aCockroft, Andrew.
_eauthor.
_958543
245 _aCongress blewett by not explicitly making the fair sentencing act of 2010 retroactive /
_cAndrew Cockroft.
260 _aEvanston, Illinois ;
_bNorthwestern University Press ,
_cSummer 2017.
300 _aVolume 107, pages 325-360 :
_c26 cm.
500 _aThe Journal of Criminal Law & Criminology, vol. 107, no. 3, pages 325-360, Summer 2017.
650 0 _aCriminal law.
_913336
650 0 _aCriminology.
_93947
650 0 _aRetroactive.
_967580
700 _aCockroft, Andrew.
_eauthor.
_958543
942 _2ddc
_cPER
999 _c20725
_d20725